00746nam a22001937a 4500003000900000008004100009040007100050082002300121110003400144245006300178260003500241300004500276440006600321505006800387650002300455650002300478650002700501650002400528AR-CdUCM190425b ||||| |||| 00| 0 spa d aMUNICIPALIDAD PROVINCIAL DEL CUSCOcBIBLIOTECA MUNICIPAL DEL CUSCO aPanchito/N°1/2007 aColegio San Francisco de Asis aPanchito :brevista anual /cColegio San Francisco de Asis aCusco.bDanny´s Graff,c2007. a77 páginas. :bilustraciones ;c30 cm. aRevista San Francisco de Asis.nAño 17, diciembre del 2007. aContenido: Revista del Colegio San Francisco de Asis del Cusco. aHistoria del Cusco aColegios del Cusco aHistoria institucional aSan Francisco Cusco